| 000 | 01296cam a2200313 a 4500 | ||
|---|---|---|---|
| 001 | 13358374 | ||
| 005 | 20170105102914.0 | ||
| 008 | 030930s2004 nyu b 001 0deng | ||
| 010 | _a 2003065775 | ||
| 020 | _a0670032735 (alk. paper) | ||
| 040 |
_aDLC _cDLC _dDLC |
||
| 043 | _an-us--- | ||
| 050 | 0 | 0 |
_aE902 _b.A45 2004 |
| 082 | 0 | 0 |
_a973.931/092 _222 |
| 100 | 1 | _aAlterman, Eric. | |
| 245 | 1 | 4 |
_aThe book on Bush : _bhow George W. Bush (mis)leads America / _cEric Alterman and Mark Green. |
| 260 |
_aNew York : _bViking, _c2004. |
||
| 300 |
_a419 p. ; _c24 cm. |
||
| 504 | _aIncludes bibliographical references and index. | ||
| 600 | 1 | 0 |
_aBush, George W. _q(George Walker), _d1946- |
| 600 | 1 | 0 |
_aBush, George W. _q(George Walker), _d1946- _xEthics. |
| 651 | 0 |
_aUnited States _xPolitics and government _y2001-2009. |
|
| 700 | 1 | _aGreen, Mark J. | |
| 856 | 4 | 1 |
_3Sample text _uhttp://www.loc.gov/catdir/enhancements/fy0719/2003065775-s.html |
| 856 | 4 | 1 |
_3Table of contents only _uhttp://www.loc.gov/catdir/enhancements/fy0719/2003065775-t.html |
| 906 |
_a7 _bcbc _corignew _d1 _eocip _f20 _gy-gencatlg |
||
| 942 |
_2ddc _cBK |
||
| 999 |
_c15258 _d15258 |
||